00325nam a2200121Ia 4500008004100000082001700041100001600058245005000074250001100124260004400135300000800179650001600187191201s2005 xx 000 0 und d a627.042bPAH aPARR.Andrew 0aHydraulics and pneumatics a technician and… a10 IMP aN. delhibJaico Publication Housec2005 a223 aM.Tech (ME)